000 00319nam a22001217a 4500
040 _cHS
082 _a590
100 _aស៊ុន ហ៊ាន
245 _aលក្ខណៈជីវសាស្ត្រសត្វព្រៃ
260 _aCambodia
_bស៊ុន ហ៊ាន
_cNA
300 _a64p;
942 _cKB
999 _c9273
_d9273